Acerte o ano! - Statistics

Estatísticas Gerais
  • Esse quiz foi jogado 196 vezes
  • A pontuação média é 12 de 15
Estatísticas das Respostas
Dica Resposta % Correto
Descobrimento do Brasil 1500
98%
Pandemia Covid-19 2020
96%
Constituição de 88 1988
93%
Morte de Adolf Hitler 1945
92%
Inicio da Primeira Guerra Mundial 1914
89%
Fim da Primeira Guerra Mundial 1918
86%
Fim da Ditadura Militar Brasileira 1985
83%
Queda do Muro de Berlim 1989
83%
Fim da União Soviética 1991
82%
Quebra da Bolsa de Valores de Nova York 1929
76%
Proclamação da República 1889
73%
Revolução Russa 1917
70%
Morte de Getúlio Vargas 1954
67%
Nascimento de Albert Einstein 1879
49%
Morte de Napoleão Bonaparte 1821
39%
Nenhum quiz correspondente encontrado
Distribuição das Pontuações
Porcentagem de Pessoas com Cada Pontuação
Percentil de Números Respondidos
Sua Pontuação Histórica
Você não jogou esse quiz